| 000 | 00667pab a2200169 454500 | ||
|---|---|---|---|
| 008 | 180718b2006 xxu||||| |||| 00| 0 eng d | ||
| 100 | _aRajagopal, A. | ||
| 245 | _aEquity, access and allocation: conflict in the Bhavani | ||
| 260 | _c2006 | ||
| 300 | _ap.581-82. | ||
| 362 | _a16 Feb | ||
| 520 | _aAn increase in population, unplanned expansion in the command area of the river Bhavani in Tamil Nadu and the growing domestic and industrical demand for water have intensified competition among water users in the river basin. - Reproduced. 6 | ||
| 650 | _aWater supply | ||
| 700 | _aJayakumar, N. | ||
| 773 | _aEconomic and Political Weekly | ||
| 909 | _a68946 | ||
| 999 |
_c68946 _d68946 |
||